International trade rules : Business queations about the world trading system and the WTO (Record no. 44026)
[ view plain ]
| 000 -LEADER | |
|---|---|
| fixed length control field | 00294nam a2200097Ia 4500 |
| 082 ## - DEWEY DECIMAL CLASSIFICATION NUMBER | |
| Classification number | 339.5 |
| Item number | ITC |
| 245 #0 - TITLE STATEMENT | |
| Title | International trade rules : Business queations about the world trading system and the WTO |
| 260 ## - PUBLICATION, DISTRIBUTION, ETC. (IMPRINT) | |
| Place of publication | Geneva |
| Name of publisher | ITC |
| Year of publication | 2000 |
| 942 ## - ADDED ENTRY ELEMENTS (KOHA) | |
| Koha item type | Books |
| Withdrawn status | Lost status | Damaged status | Not for loan | Home library | Current library | Date acquired | Source of acquisition | Full call number | Accession Number | Koha item type |
|---|---|---|---|---|---|---|---|---|---|---|
| RRII Library | RRII Library | 16/12/2021 | Gift | 339.5 ITC | G00774 | Books |